مكتبة جامعة عجلون الوطنية

فهرس بحث المكتبة

Normal view MARC view
  • اعداد قسم الفتوى في هيئة علماء المسلمين في العراق

Entry Personal Name

Number of records used in: 1

001 - CONTROL NUMBER

  • control field: 64089

003 - CONTROL NUMBER IDENTIFIER

  • control field: JO-AjAnu

005 - DATE AND TIME OF LATEST TRANSACTION

  • control field: 20230606084446.0

008 - FIXED-LENGTH DATA ELEMENTS

  • fixed length control field: 230606|| aca||aabn | a|a d

040 ## - CATALOGING SOURCE

  • Original cataloging agency: JO-AjAnu
  • Transcribing agency: JO-AjAnu

100 ## - HEADING--PERSONAL NAME

  • Personal name: اعداد قسم الفتوى في هيئة علماء المسلمين في العراق

670 ## - SOURCE DATA FOUND

  • Source citation: Work cat.: (JO-AjAnu)32673: اعداد قسم الفتوى في هيئة علماء المسلمين في العراق, author, فتاوى ودراسات شرعية منتقاة